Normal view
MARC view
Entry Topical Term
001 - CONTROL NUMBER
- control field: 47458
003 - CONTROL NUMBER IDENTIFIER
- control field: dpl
005 - DATE AND TIME OF LATEST TRANSACTION
- control field: 20120519124239.0
008 - FIXED-LENGTH DATA ELEMENTS
- fixed length control field: 120519|||a|||||| | ||| d
040 ## - CATALOGING SOURCE
- Original cataloging agency: dpl
- Transcribing agency: dpl
150 ## - HEADING--TOPICAL TERM
- Topical term or geographic name as entry element: Hindi Novel
670 ## - SOURCE DATA FOUND
- Source citation: Work cat.: (dpl): कोमोरोव, वी.एस. 47456, 21वीं सदी का विज्ञान खगोल विज्ञान / , 2003
670 ## - SOURCE DATA FOUND
- Source citation: Work cat.: (dpl): कोमोरोव, वी.एस. 47456, 21वीं सदी का विज्ञान खगोल विज्ञान / , 2003
